| Tag |
First Indicator |
Second Indicator |
Subfields |
| LEADER |
00000cam a2200000 a 4500 |
| 001 |
in00000027977 |
| 005 |
20151007054700.0 |
| 008 |
870714s1987 wauaf b s00110 eng |
| 010 |
|
|
|a 87021041
|
| 020 |
|
|
|a 0874220300 (alk. paper) :
|c $25.00 (est.)
|
| 020 |
|
|
|a 0874220297 (pbk. : alk. paper) :
|c $15.00 (est.)
|
| 035 |
|
|
|a (OCoLC)16354882
|
| 035 |
|
|
|9 AAB5924AM
|
| 040 |
|
|
|a DLC
|c DLC
|d TXA
|d UtOrBLW
|
| 043 |
|
|
|a n-us---
|
| 049 |
|
|
|a TXAM
|c [A11503644]
|
| 050 |
0 |
0 |
|a HE2791.N855
|b L48 1987
|
| 082 |
0 |
|
|a 385/.09795
|2 19
|
| 100 |
1 |
|
|a Lewty, Peter J.,
|d 1934-
|
| 245 |
1 |
0 |
|a To the Columbia gateway :
|b the Oregon Railway and the Northern Pacific, 1879-1884 /
|c Peter J. Lewty.
|
| 264 |
|
1 |
|a Pullman, Wash. :
|b Washington State University Press,
|c 1987.
|
| 300 |
|
|
|a xxv, 202 pages, 16 unnumbered pages of plates :
|b illustrations ;
|c 24 cm.
|
| 336 |
|
|
|a text
|b txt
|2 rdacontent
|
| 337 |
|
|
|a unmediated
|b n
|2 rdamedia
|
| 338 |
|
|
|a volume
|b nc
|2 rdacarrier
|
| 504 |
|
|
|a Bibliography: pages [190]-192.
|
| 500 |
|
|
|a Includes index.
|
| 610 |
2 |
0 |
|a Northern Pacific Railroad Company
|x History
|y 19th century.
|
| 610 |
2 |
0 |
|a Oregon Pacific & Eastern Railway
|x History
|y 19th century.
|
| 650 |
|
0 |
|a Railroads
|z United States
|x History
|y 19th century.
|
| 999 |
|
|
|a MARS
|
| 999 |
f |
f |
|s 4c0cd917-dfc8-3bad-9e86-74093d734bfa
|i 5d67444b-50ef-3d71-b617-88b8a9c89889
|t 0
|
| 952 |
f |
f |
|p ric
|a Texas A&M University
|b Rellis Campus
|c Joint Library Facility
|d Remote Storage
|t 0
|e HE2791.N855 L48 1987
|h Library of Congress classification
|i unmediated -- volume
|m A14811503644
|
| 998 |
f |
f |
|a HE2791.N855 L48 1987
|t 0
|l Remote Storage
|